| 000 | 00652nam a22002177a 4500 | ||
|---|---|---|---|
| 003 | OSt | ||
| 005 | 20260116012801.0 | ||
| 008 | 260116b |||||||| |||| 00| 0 eng d | ||
| 020 | _a0-395-91153-2 | ||
| 040 |
_aDWC-Main lib _cOC |
||
| 082 | _aCirc. 615.5'3 W422h 1998 | ||
| 100 | _aWeil, A. | ||
| 245 |
_aHealth and healing _cWeil, Andrew |
||
| 260 |
_aBoston : _bHoughton Mifflin Company, _cc1995 |
||
| 300 |
_avi, 296 pages ; _c20 cm |
||
| 504 | _aIncludes index | ||
| 650 | _2Health | ||
| 650 | _2Medicine | ||
| 650 | _2Therapeutic systems | ||
| 942 |
_2ddc _cBK-CIRC _hCirc. 615.5'3 W422h 1998 _kCirc. _n0 |
||
| 999 |
_c7462 _d7462 |
||